000 00944nam a2200325 a 4500
001 000107692
003 CHAP
005 20220329143939.0
008 131015s2010 mx |r| |||||||spa d
010 _a104154
011 _a105126
020 _a9786071502704
040 _cCHAP
082 0 4 _a519.5
_bP96 2010
245 0 0 _aProbabilidad y estadística /
_cpor Murray R. Spiegel, Schiller John J. y Srinivasan R. Alu.
250 _a3 ed.
260 _aMéxico, D.F. :
_bMcGraw-Hill,
_cc2010.
300 _axiii, 425 p.
490 1 _aSchaum
534 _pTít. original :
_tSchaum's outline of theory and problems of probability
590 _aE11695DGD
_b10
_c20131015
_lUCH01
_h1005
590 _aE5765TAJ
_b05
_c20171009
_lUCH01
_h0947
650 1 4 _aEstadística.
_938241
650 1 4 _aProbabilidad.
_991685
700 0 _aSpiegel, Murray R.
_9109217
830 0 _aSchaum
_9102914
901 _aBK
942 _cLIBRO
942 _n0
999 _c104154
_d104154